Die 494 beliebtesten ♂ ♀ Vornamen in Mexiko - Statistiken

Allgemein
  • Dieses Quiz wurde 41 mal gespielt
  • Das Durchschnittsergebnis liegt bei 52 aus 494
Antwortstatistiken
♀ / ♂ Name % Korrekt
Jungen - - > | Mädchen - - > ⤵️
97%
M5 Maria
66%
J4 Juan
63%
S6 Sophia
50%
C6 Carlos
47%
F8 Fernando
47%
L4 Luis
47%
J5 Julia
44%
L3 Leo
44%
L3 Lia
44%
S4 Sara
44%
V6 Victor
44%
A4 Alex
41%
K5 Karla
41%
S5 Sofia
41%
V8 Victoria
41%
A5 Alexa
38%
C5 Carla
38%
I6 Isabel
38%
J4 Jose
38%
A3 Ana
34%
A5 Andre
34%
A7 Antonio
34%
I8 Isabella
34%
J6 Julian
34%
L5 Lucia
34%
M5 Mario
34%
M6 Martin
34%
P5 Paula
34%
V7 Vanessa
34%
D6 Daniel
31%
E5 Elisa
31%
E6 Emilia
31%
O6 Olivia
31%
P5 Pedro
31%
Z3 Zoe
31%
A6 Andrea
28%
A5 Angel
28%
C9 Christian
28%
C8 Cristian
28%
G7 Gabriel
28%
H5 Hanna
28%
K5 Karen
28%
L5 Luisa
28%
M7 Martina
28%
P5 Pablo
28%
R7 Ricardo
28%
R4 Rosa
28%
A9 Alexander
25%
A9 Alexandra
25%
A6 Angela
25%
A7 Antonia
25%
C8 Carolina
25%
D6 Danilo
25%
E6 Emilio
25%
J5 Johan
25%
J5 Julio
25%
L5 Laura
25%
L4 Luca
25%
L5 Lucca
25%
M6 Mariel
25%
M3 Mia
25%
O6 Oliver
25%
R6 Rafael
25%
R4 Raul
25%
A5 Alina
22%
B8 Benjamin
22%
C7 Claudia
22%
C8 Cristina
22%
D7 Daniela
22%
D5 Diana
22%
D5 Diego
22%
E5 Emily
22%
E4 Emma
22%
G6 Gloria
22%
J8 Jennifer
22%
J5 Jesus
22%
J5 Jorge
22%
L8 Leonardo
22%
L4 Luna
22%
M6 Manuel
22%
M6 Marcos
22%
M5 Mateo
22%
N5 Nicol
22%
N6 Nicole
22%
P8 Patricia
22%
R7 Roberto
22%
S6 Sandra
22%
S5 Sarah
22%
V8 Valentin
22%
V8 Veronica
22%
A7 Alberto
19%
A6 Amalia
19%
A8 Angelina
19%
A6 Ariana
19%
A7 Arianna
19%
C6 Carmen
19%
D6 Damian
19%
E5 Elena
19%
E8 Emmanuel
19%
E9 Esmeralda
19%
E3 Eva
19%
F6 Fabian
19%
F6 Felipe
19%
F6 Franco
19%
F5 Frida
19%
G8 Gabriela
19%
I4 Ines
19%
J7 Jessica
19%
K6 Karina
19%
L7 Leandro
19%
M7 Manuela
19%
M9 Margarita
19%
M6 Marian
19%
M6 Marina
19%
M6 Martha
19%
N3 Noe
19%
R5 Roman
19%
R6 Romina
19%
T5 Tomas
19%
V9 Valentina
19%
A6 Adrian
16%
A7 Adriana
16%
A6 Amelia
16%
D5 David
16%
E5 Elian
16%
E9 Elizabeth
16%
E7 Emanuel
16%
E6 Evelyn
16%
F8 Fernanda
16%
G8 Giovanni
16%
G7 Gustavo
16%
H6 Helena
16%
J6 Javier
16%
J7 Juliana
16%
L5 Lucas
16%
M6 Melani
16%
M8 Michelle
16%
M6 Miguel
16%
M6 Miriam
16%
M6 Monica
16%
N6 Nahomi
16%
N5 Naomi
16%
N6 Nataly
16%
N7 Nicolas
16%
P7 Paulina
16%
R5 Ramon
16%
R6 Renata
16%
S8 Samantha
16%
S6 Samuel
16%
S9 Sebastian
16%
S6 Sergio
16%
S9 Stephanie
16%
S6 Susana
16%
T5 Tania
16%
V7 Valeria
16%
A4 Alan
13%
A9 Alejandro
13%
A7 Alfonso
13%
A5 Alice
13%
A6 Alicia
13%
A6 Amanda
13%
A6 Aurora
13%
B5 Bruno
13%
D5 Dario
13%
E5 Elias
13%
E7 Ernesto
13%
I4 Iker
13%
J4 Joel
13%
J8 Josefina
13%
J6 Joshua
13%
L4 Liam
13%
L4 Lian
13%
L7 Liliana
13%
L6 Lorena
13%
L7 Luciano
13%
M6 Marlen
13%
M7 Melanie
13%
M6 Melany
13%
M6 Melina
13%
N7 Natalia
13%
N4 Noah
13%
N5 Noemi
13%
O5 Oscar
13%
P5 Paola
13%
S8 Santiago
13%
T6 Teresa
13%
A5 Aaron
9%
A9 Alejandra
9%
A10 Alessandra
9%
A6 Andres
9%
B7 Barbara
9%
C6 Camila
9%
C7 Cecilia
9%
D5 Danna
9%
D7 Denisse
9%
D5 Dylan
9%
E8 Emiliano
9%
E5 Erick
9%
E4 Erik
9%
E7 Esteban
9%
E9 Estefania
9%
E6 Esther
9%
G8 Georgina
9%
G7 Giselle
9%
H5 Hector
9%
H4 Hugo
9%
I7 Isabela
9%
J5 Jacob
9%
J5 Juana
9%
K5 Kevin
9%
L4 Leah
9%
M9 Magdalena
9%
M7 Marcela
9%
M7 Mariana
9%
M7 Marlene
9%
M5 Mauro
9%
M7 Miranda
9%
R6 Regina
9%
R7 Rodrigo
9%
R6 Roxana
9%
S8 Scarlett
9%
S6 Silvia
9%
T6 Tamara
9%
V6 Valery
9%
A7 Alfredo
6%
A7 Allison
6%
A6 Alonso
6%
A5 Ander
6%
A8 Angelica
6%
A9 Antonella
6%
C6 Camilo
6%
C7 Celeste
6%
C5 Cesar
6%
C11 Christopher
6%
C10 Cristopher
6%
E5 Edgar
6%
E7 Enrique
6%
E5 Erika
6%
E4 Evan
6%
G9 Guillermo
6%
H6 Hannah
6%
I5 Irene
6%
I4 Ivan
6%
I5 Ivana
6%
I6 Ivanna
6%
J5 Jaime
6%
J6 Johana
6%
J8 Jonathan
6%
L7 Lorenzo
6%
L7 Luciana
6%
M7 Marcelo
6%
M7 Mariano
6%
M6 Matias
6%
M7 Melissa
6%
P8 Patricio
6%
R5 Ramiro
6%
R4 Ruth
6%
S8 Salvador
6%
T6 Thiago
6%
A7 Abigail
3%
A5 Abril
3%
A5 Alexis
3%
A6 Alison
3%
A7 Alisson
3%
A6 Alvaro
3%
A7 Armando
3%
A6 Ashley
3%
A5 Aylin
3%
B8 Bernardo
3%
B6 Brenda
3%
C7 Cristal
3%
C9 Cristofer
3%
D5 Dalia
3%
D6 Dayana
3%
D5 Dilan
3%
E5 Edith
3%
E7 Eduardo
3%
E5 Edwin
3%
E4 Emir
3%
E8 Estefany
3%
E8 Estrella
3%
E5 Ethan
3%
F7 Fabiola
3%
F9 Francisco
3%
G4 Gael
3%
G9 Geraldine
3%
G6 German
3%
G7 Gonzalo
3%
G9 Guadalupe
3%
I3 Ian
3%
I7 Ignacio
3%
I8 Itzayana
3%
I5 Itzel
3%
J6 Jazmin
3%
J6 Jimena
3%
J6 Judith
3%
J7 Julieta
3%
K9 Katherine
3%
K5 Kenia
3%
K8 Kimberly
3%
L7 Leticia
3%
L5 Logan
3%
M11 Maximiliano
3%
M6 Maximo
3%
M6 Melisa
3%
M7 Micaela
3%
M8 Milagros
3%
M9 Monserrat
3%
O7 Osvaldo
3%
P6 Pamela
3%
R6 Raquel
3%
R7 Rodolfo
3%
R7 Rosario
3%
R5 Ruben
3%
S7 Samanta
3%
S4 Saul
3%
U5 Uriel
3%
V7 Violeta
3%
W7 William
3%
X6 Ximena
3%
Y4 Yael
3%
Y6 Yazmin
3%
Y7 Yolanda
3%
Y7 Yuliana
3%
A6 Abdiel
0%
A4 Abel
0%
A7 Abraham
0%
A4 Adan
0%
A6 Adolfo
0%
A6 Adriel
0%
A7 Agustin
0%
A5 Ailyn
0%
A6 Ainhoa
0%
A6 Aitana
0%
A4 Aldo
0%
A6 Alexia
0%
A7 Alondra
0%
A5 Amaia
0%
A8 Amairani
0%
A8 Amairany
0%
A5 Amaya
0%
A5 Ambar
0%
A5 Anahi
0%
A7 Anthony
0%
A7 Araceli
0%
A7 Arantza
0%
A6 Aranza
0%
A5 Areli
0%
A5 Arely
0%
A7 Ariadna
0%
A7 Ariadne
0%
A5 Ariel
0%
A8 Arisbeth
0%
A8 Arizbeth
0%
A5 Arlet
0%
A6 Arleth
0%
A6 Arruro
0%
A6 Astrid
0%
A4 Axel
0%
B7 Beatriz
0%
B5 Belen
0%
B7 Belinda
0%
B8 Berenice
0%
B7 Brandon
0%
B7 Braulio
0%
B6 Brayan
0%
B6 Briana
0%
C5 Caleb
0%
C8 Cataleya
0%
C8 Catalina
0%
C7 Citlali
0%
C9 Constanza
0%
C9 Cristobal
0%
D5 Dafne
0%
D7 Damaris
0%
D5 Danae
0%
D5 Dania
0%
D5 Dante
0%
D7 Dariana
0%
D6 Dariel
0%
D5 Derek
0%
E4 Eder
0%
E6 Efrain
0%
E6 Eithan
0%
E7 Eleazar
0%
E5 Eliel
0%
E6 Eliseo
0%
E9 Esperanza
0%
E6 Evelin
0%
E8 Ezequiel
0%
F6 Fatima
0%
F9 Francisca
0%
G7 Galilea
0%
G7 Genesis
0%
G7 Gerardo
0%
G6 Gianna
0%
G8 Gilberto
0%
G6 Grecia
0%
G7 Grettel
0%
G8 Griselda
0%
H6 Hannia
0%
H8 Humberto
0%
I5 Isaac
0%
I4 Isai
0%
I6 Isaias
0%
I6 Ismael
0%
I6 Israel
0%
J10 Jacqueline
0%
J4 Jade
0%
J9 Jaqueline
0%
J5 Jared
0%
J6 Jaziel
0%
J8 Jeremias
0%
J8 Jeronimo
0%
J7 Joaquin
0%
J5 Josue
0%
K7 Kailani
0%
K6 Karime
0%
K5 Katia
0%
K5 Keily
0%
K6 Kendra
0%
K5 Keyla
0%
L7 Leilani
0%
L7 Leilany
0%
L6 Leonel
0%
L6 Leslie
0%
L5 Lesly
0%
L7 Lizbeth
0%
L6 Lizeth
0%
L6 Lucero
0%
M7 Madison
0%
M6 Magali
0%
M6 Magaly
0%
M5 Maite
0%
M7 Maribel
0%
M8 Maricela
0%
M8 Maricruz
0%
M7 Mariela
0%
M7 Marisol
0%
M7 Maritza
0%
M7 Mathias
0%
M7 Mauricio
0%
M5 Mayra
0%
M5 Mayte
0%
M6 Melody
0%
M8 Meredith
0%
M6 Misael
0%
M6 Moises
0%
M10 Monserrath
0%
M10 Montserrat
0%
N5 Nancy
0%
N8 Nathalia
0%
N6 Nayeli
0%
O7 Octavio
0%
O4 Omar
0%
O7 Orlando
0%
P6 Paloma
0%
P8 Paulette
0%
P5 Perla
0%
R6 Rebeca
0%
R4 Rene
0%
R5 Reyna
0%
R9 Rigoberto
0%
R5 Rocio
0%
R7 Rogelio
0%
R9 Rosalinda
0%
R4 Rubi
0%
S4 Said
0%
S7 Samadhi
0%
S6 Samara
0%
S6 Sarahi
0%
S5 Sarai
0%
S7 Sherlyn
0%
T5 Tadeo
0%
U6 Ulises
0%
V6 Vanesa
0%
V5 Vania
0%
V7 Vicente
0%
V8 Virginia
0%
W5 Wendy
0%
X7 Xiomara
0%
Y5 Yahir
0%
Y4 Yair
0%
Y7 Yamilet
0%
Y8 Yamileth
0%
Y6 Yareli
0%
Y7 Yaretzi
0%
Y7 Yaritza
0%
Y7 Yatziri
0%
Y7 Yesenia
0%
Y7 Yoselin
0%
Z4 Zaid
0%
Keine übereinstimmenden Quizze gefunden
Verteilung der Resultate
Anzahl Personen mit jedem Resultat
Perzentil nach korrekt beantworteten Fragen
Ihre Resultats-Entwicklung
Sie haben dieses Quiz noch nicht gespielt